Rājbāḍīdāṅgā, 1962 (Chiruṭī: Jadupur) : (Record no. 23488)
[ view plain ]
| 000 -LEADER | |
|---|---|
| fixed length control field | 01015cam a2200289 4500 |
| 001 - CONTROL NUMBER | |
| control field | 295510 |
| 003 - CONTROL NUMBER IDENTIFIER | |
| control field | BDDh-ASL |
| 005 - DATE AND TIME OF LATEST TRANSACTION | |
| control field | 20231015030240.0 |
| 008 - FIXED-LENGTH DATA ELEMENTS--GENERAL INFORMATION | |
| fixed length control field | 710730m19689999ii ab b 001 0 eng |
| 010 ## - LIBRARY OF CONGRESS CONTROL NUMBER | |
| LC control number | 70915118 |
| 040 ## - CATALOGING SOURCE | |
| Original cataloging agency | DLC |
| Transcribing agency | DLC |
| Modifying agency | DLC |
| -- | BDDh-ASL |
| 043 ## - GEOGRAPHIC AREA CODE | |
| Geographic area code | a-ii--- |
| 050 00 - LIBRARY OF CONGRESS CALL NUMBER | |
| Classification number | DS486.R313 |
| Item number | D37 |
| 082 ## - DEWEY DECIMAL CLASSIFICATION NUMBER | |
| Classification number | 930.1 |
| Item number | DAR |
| 100 1# - MAIN ENTRY--PERSONAL NAME | |
| Personal name | Das, Sudhir Ranjan. |
| 245 10 - TITLE STATEMENT | |
| Title | Rājbāḍīdāṅgā, 1962 (Chiruṭī: Jadupur) : |
| Remainder of title | an interim report on excavations at Rājbāḍīdāṅgā and terracotta seals and sealings / |
| 260 ## - PUBLICATION, DISTRIBUTION, ETC. | |
| Place of publication, distribution, etc. | [Calcutta] |
| Name of publisher, distributor, etc. | Asiatic Society, |
| Date of publication, distribution, etc. | 1968- |
| 300 ## - PHYSICAL DESCRIPTION | |
| Extent | 84 p. : |
| Other physical details | illus., maps (part fold.) |
| Dimensions | 26 cm. |
| 350 ## - PRICE (NR) (BK AM CF MU VM SE) [OBSOLETE] | |
| Price | Rs32.00 (v. 1) |
| 490 1# - SERIES STATEMENT | |
| Series statement | Asiatic Society. Monograph series ; |
| Volume/sequential designation | v. 14 |
| 504 ## - BIBLIOGRAPHY, ETC. NOTE | |
| Bibliography, etc. note | Bibliography: v. 1, p. 75-76. |
| 650 #0 - SUBJECT ADDED ENTRY--TOPICAL TERM | |
| Topical term or geographic name entry element | Seals (Numismatics) |
| Geographic subdivision | India. |
| 651 #0 - SUBJECT ADDED ENTRY--GEOGRAPHIC NAME | |
| Geographic name | Rājbāḍīdāṅgā site, India. |
| 830 #0 - SERIES ADDED ENTRY--UNIFORM TITLE | |
| Uniform title | Asiatic Society monograph series ; |
| Volume/sequential designation | v. 14. |
| 906 ## - LOCAL DATA ELEMENT F, LDF (RLIN) | |
| a | 7 |
| b | cbc |
| c | orignew |
| d | 4 |
| e | ncip |
| f | 19 |
| g | y-gencatlg |
| 942 ## - ADDED ENTRY ELEMENTS (KOHA) | |
| Source of classification or shelving scheme | Dewey Decimal Classification |
| Koha item type | Books |
| Withdrawn status | Lost status | Source of classification or shelving scheme | Damaged status | Not for loan | Collection code | Home library | Current library | Shelving location | Date acquired | Source of acquisition | Total Checkouts | Full call number | Barcode | Date last seen | Copy number | Price effective from | Koha item type | Public note |
|---|---|---|---|---|---|---|---|---|---|---|---|---|---|---|---|---|---|---|
| Dewey Decimal Classification | Damaged | Non-fiction | Asiatic Society Library | Asiatic Society Library | General Stacks | 03/26/2021 | ASB Library Collections | 930.1 DAR | 107933 | 03/26/2021 | C-1 | 03/26/2021 | Books | RARE |